The Flags of the Japanese Cities - Statistics

General Stats
  • This quiz has been taken 62 times
  • The average score is 10 of 16
Answer Stats
Picture Answer % Correct
Tokyo
100%
Osaka
80%
Yokohama
75%
Sapporo
70%
Fukuoka
68%
Kobe
68%
Nagoya
68%
Hiroshima
66%
Kyoto
66%
Kawasaki
61%
Sendai
59%
Chiba
55%
Kitakyushu
55%
Saitama
52%
Niigata
48%
Hamamatsu
45%
No matching quizzes found
Score Distribution
Percent of People with Each Score
Percentile by Number Answered
Your Score History
You have not taken this quiz